Country or not? #1 - Statistics

General Stats
  • This quiz has been taken 61 times
  • The average score is 14 of 15
Answer Stats
Hint True or False % Correct
Honduras True
100%
St. Kitts and Nevis True
96%
China True
96%
New Zealand True
96%
Uruguay True
96%
Bhutan True
96%
Baghdad False
95%
Yangtze False
95%
Indus False
95%
Marshall Islands True
95%
Hong Kong False
93%
Gibraltar False
93%
Greenland False
91%
Faroe Islands False
91%
Puerto Rico True
91%
No matching quizzes found
Score Distribution
Percent of People with Each Score
Percentile by Number Answered
Your Score History
You have not taken this quiz